| 000 | 00669cam a2200253ua 4500 | ||
|---|---|---|---|
| 020 | _c225.00 | ||
| 041 |
_aeng _h |
||
| 082 |
_a531.112 _bBEE/VE |
||
| 100 | _aBeer, Ferdinand P. | ||
| 245 |
_aVector mechanics for engineers: Dynamics / _cP.Ferdinand Beer. _hTextual Documents |
||
| 260 |
_aNew Delhi : _bTata Mc-Graw Hill Publishing Company , _c1996. |
||
| 300 | _a1045 ; . | ||
| 365 | _a225.00 | ||
| 500 | _a19187, 19188 - CSS | ||
| 504 | _a | ||
| 700 | 1 | _aJohnston, Russell E. | |
| 942 | _cBK | ||
| 999 |
_c10148 _d10148 |
||